| 000 | 00000nam##2200000za#4500 |
| 001 | 9.603040 |
| 003 | CaOODSP |
| 005 | 20210624210854 |
| 007 | cr ||||||||||| |
| 008 | 150406|2008||||xxc|||||o f|0| 0 fre|d |
| 040 | |aCaOODSP|bfre |
| 043 | |an-cn--- |
| 086 | 1 |aFs70-4/2008-026F-PDF |
| 110 | 1 |aCanada. |bMinistère des pêches et des océans. |
| 245 | 10|aÉvaluations de l'oursin vert de la Côte-Nord de l'estuaire du Saint-Laurent en 2008 : |h[ressource électronique]|b16 octobre 2008, Institut Maurice-Lamontagne / |cCharley Cyr et Hugo Bourdages, éditeurs ; Jacques A. Gagné, président de la réunion. |
| 260 | |aMont-Joli - Québec : |bPêches et Océans Canada |cDécembre 2008. |
| 300 | |a16p. |
| 490 | 1 |aSecrétariat canadien de consultation scientifique, série des comptes rendus|v2008/026 |
| 546 | |aEn français avec avant-propos, sommaire et annexe bilingues. |
| 590 | |a11-32-Supp|b2011-12-20 |
| 720 | 1 |aCyr, Charley |
| 720 | 1 |aBourdages, Hugo |
| 720 | 1 |aGagné, Jacques A. |
| 830 | #0|aCompte rendu (Secrétariat canadien de consultation scientifique)|v2008/026|w(CaOODSP)9.502879 |
| 856 | 40|ahttp://publications.gc.ca|qPDF|s90 Ko|uhttps://publications.gc.ca/collections/collection_2011/mpo-dfo/Fs70-4-2008-026-fra.pdf|y2008/026 |